1460 1607 1327 1413 1377 1363 1802 1348 1044 1106 1018 1741 1125 1851 1192 1855 1411 1957 1343 1766 1607 1710 1792 1248 1229 1707 1578 1105 1331 1926 1346 1175 1242 1496 1502 1305 1390 1518 1073 1017 1121 1550 1171 1403 1612 1026 1108 1716 1334 1936 1473 1945 1256 1045 1229 1631 1787 1050 1836 1461 1782 1406 1691 1241 1334 1861 1417 1672 1268 1002 1779 1850 1813 1523 1354 1096 1473 1025 1625 1188 1443 1767 1854 1535 1155 1620 1169 1499 1370 1632 1007 1860 1230 1645 1152 1815 1881 1457 1019 BCNSPRNW ULIB Ver.6.0+V

เปลี่ยนเป็นภาษาไทย

Change to English
 แสดงรายละเอียดบรรณานุกรม
  กลับหน้าหลัก

Brief Record : Get Marc (ISO 2709) : E-mail record : QR code < ปิดหน้าต่าง
LEADER : 00000nam 2200000uu 4500
001    13399124535
003     ULIB
008    020711s2558 th a 000 0 tha d
020    9786162796210
060    WY200^bอ372น
100    อรวรรณ พิชิตไชยพิทักษ์
245    แนวปฏิบัติการพยาบาล เรื่อง การให้สารอาหารทางหลอดเลือดดำส่วนกลางที่บ้าน/^cอรวรรณ พิชิตไชยพิทักษ์
250    พิมพ์ครั้งที่ 1
260    กรุงเทพฯ :^bมหาวิทยาลัยมหิดล,^c2558
300    84 หน้า;^b29.5 ซม.
650    การให้สารอาหาร^xการพยาบาลที่บ้าน
945    ^p0^l0^i23113
999    ^aทศพร เกษรทอง
รายการนี้ยังไม่มีแท็ก
คุณยังไม่ได้ล็อกอิน คุณสามารถมีกิจกรรมร่วมกับเว็บไซต์ได้ แต่ต้องล็อกอินก่อน ::
  ล็อกอิน

รายการสื่อสารสนเทศ

ลำดับที่ ประเภท เลขเรียก/บาร์โค้ด สถานที่ สถานะ
1. Book การพยาบาล
Book การพยาบาล
สถานะ=หนังสือเก่า
WY200 อ372น ฉ.1 
  Barcode: 23113
ห้องสมุดวิทยาเขตนครสวรรค์
►ส่วนจัดเก็บหนังสือเก่า นว.
บนชั้น
  ขอยืม

BibComment


ยังไม่เคยถูกคอมเมนท์

คอมเมนท์ทรัพยากรรายการนี้
  คอมเมนท์: แนวปฏิบัติการพยาบ..


 Copyright 2026. Bcnsprnw @Library